Normal view MARC view

Entry Nombre personal

Number of records used in: 1

001 - NÚMERO DE CONTROL

  • campo de control: 242063

003 - IDENTIFICADOR DE NÚMERO DE CONTROL

  • campo de control: SpMaBN

005 - FECHA Y HORA DE LA ÚLTIMA TRANSACCIÓN

  • campo de control: 20250825100422.0

008 - ELEMENTOS DE DATO DE LONGITUD-FIJA

  • campo de control de longitud fija: 160303n|#azznnaabn |n aac ##

040 ## - FUENTE DE CATALOGACIÓN

  • Centro catalogador/agencia de origen: SpMaBN
  • Lengua de catalogación: spa
  • Centro/agencia transcriptor: SpMaBN
  • Normas de descripción: rdc
  • Convención/Normas de encabezamiento de materia/tesauro: embne

046 ## - FECHAS CON CODIFICACIÓN ESPECIAL

  • Fecha de nacimiento: 1569
  • Fecha de la muerte: 1627

100 1# - ENCABEZAMIENTO-NOMBRE DE PERSONA

  • Nombre de persona: Frechilla, Eduardo de Braganza,
  • Títulos y otros términos asociados al nombre: Marqués de,
  • Fechas asociadas al nombre: 1569-1627

670 ## - FUENTE DE DATOS ENCONTRADOS

  • Cita de la fuente: Por don Duarte marques de Flechilla, y Malagon. Contra el conde de Castro [sobre las alcaualas de las villas y lugares de la merindad de Castroxeriz], [posterior a 1604]

678 ## - DATOS BIOGRÁFICOS O HISTÓRICOS

  • Datos biográficos o históricos: También conocido como Duarte de Portugal (1569-1627). Noble portugués a quien el Rey Felipe II de España le otorgó el título de I Marqués de Frechilla y Villarramiel. Casó en 1596 con Beatriz Álvarez de Toledo, hija de Juan Álvarez de Toledo, V Conde de Oropesa. Volvió a contraer matrimonio con Guiomar Pardo Tavera, primera Marquesa de Malagón